<?xml version="1.0" encoding="UTF-8"?>
<collection xmlns="http://www.loc.gov/MARC21/slim">
<record>
  <controlfield tag="001">723847</controlfield>
  <controlfield tag="005">20240516073833.0</controlfield>
  <datafield tag="020" ind1=" " ind2=" ">
    <subfield code="a">3-95886-215-2</subfield>
  </datafield>
  <datafield tag="020" ind1=" " ind2=" ">
    <subfield code="a">978-3-95886-215-9</subfield>
  </datafield>
  <datafield tag="024" ind1="7" ind2=" ">
    <subfield code="2">datacite_doi</subfield>
    <subfield code="a">10.18154/RWTH-2018-224355</subfield>
  </datafield>
  <datafield tag="037" ind1=" " ind2=" ">
    <subfield code="a">RWTH-2018-224355</subfield>
  </datafield>
  <datafield tag="041" ind1=" " ind2=" ">
    <subfield code="a">English</subfield>
  </datafield>
  <datafield tag="100" ind1="1" ind2=" ">
    <subfield code="0">P:(DE-82)IDM00497</subfield>
    <subfield code="a">Murrenhoff, Hubertus</subfield>
    <subfield code="b">0</subfield>
    <subfield code="e">Editor</subfield>
    <subfield code="u">rwth</subfield>
  </datafield>
  <datafield tag="111" ind1="2" ind2=" ">
    <subfield code="a">11. International Fluid Power Conference</subfield>
    <subfield code="c">Aachen</subfield>
    <subfield code="d">2018-03-19 - 2018-03-21</subfield>
    <subfield code="g">11. IFK</subfield>
    <subfield code="w">Germany</subfield>
  </datafield>
  <datafield tag="245" ind1=" " ind2=" ">
    <subfield code="a">Fluid power networks : proceedings : 19th - 21th March 2018 : 11th International Fluid Power Conference</subfield>
    <subfield code="c">editor: Hubertus Murrenhoff</subfield>
    <subfield code="h">online, print</subfield>
    <subfield code="n">Vol. 1</subfield>
  </datafield>
  <datafield tag="260" ind1=" " ind2=" ">
    <subfield code="a">Aachen</subfield>
    <subfield code="b">[Mainz]</subfield>
    <subfield code="c">2018</subfield>
  </datafield>
  <datafield tag="300" ind1=" " ind2=" ">
    <subfield code="a">595 Seiten : Illustrationen, Diagramme</subfield>
  </datafield>
  <datafield tag="336" ind1="7" ind2=" ">
    <subfield code="0">3</subfield>
    <subfield code="2">EndNote</subfield>
    <subfield code="a">Conference Proceedings</subfield>
  </datafield>
  <datafield tag="336" ind1="7" ind2=" ">
    <subfield code="0">PUB:(DE-HGF)26</subfield>
    <subfield code="2">PUB:(DE-HGF)</subfield>
    <subfield code="a">Proceedings</subfield>
    <subfield code="b">proc</subfield>
    <subfield code="m">proc</subfield>
  </datafield>
  <datafield tag="336" ind1="7" ind2=" ">
    <subfield code="0">PUB:(DE-HGF)3</subfield>
    <subfield code="2">PUB:(DE-HGF)</subfield>
    <subfield code="a">Book</subfield>
  </datafield>
  <datafield tag="336" ind1="7" ind2=" ">
    <subfield code="2">BibTeX</subfield>
    <subfield code="a">PROCEEDINGS</subfield>
  </datafield>
  <datafield tag="336" ind1="7" ind2=" ">
    <subfield code="2">DRIVER</subfield>
    <subfield code="a">conferenceObject</subfield>
  </datafield>
  <datafield tag="336" ind1="7" ind2=" ">
    <subfield code="2">DataCite</subfield>
    <subfield code="a">Output Types/Book</subfield>
  </datafield>
  <datafield tag="336" ind1="7" ind2=" ">
    <subfield code="2">ORCID</subfield>
    <subfield code="a">BOOK</subfield>
  </datafield>
  <datafield tag="500" ind1=" " ind2=" ">
    <subfield code="a">Veröffentlicht auf dem Publikationsserver der RWTH Aachen University</subfield>
  </datafield>
  <datafield tag="591" ind1=" " ind2=" ">
    <subfield code="a">Germany</subfield>
  </datafield>
  <datafield tag="591" ind1=" " ind2=" ">
    <subfield code="a">Germany</subfield>
  </datafield>
  <datafield tag="856" ind1="4" ind2=" ">
    <subfield code="u">http://publications.rwth-aachen.de/record/723847/files/723847.pdf</subfield>
    <subfield code="y">OpenAccess</subfield>
  </datafield>
  <datafield tag="856" ind1="4" ind2=" ">
    <subfield code="u">http://publications.rwth-aachen.de/record/723847/files/723847.gif?subformat=icon</subfield>
    <subfield code="x">icon</subfield>
    <subfield code="y">OpenAccess</subfield>
  </datafield>
  <datafield tag="856" ind1="4" ind2=" ">
    <subfield code="u">http://publications.rwth-aachen.de/record/723847/files/723847.jpg?subformat=icon-1440</subfield>
    <subfield code="x">icon-1440</subfield>
    <subfield code="y">OpenAccess</subfield>
  </datafield>
  <datafield tag="856" ind1="4" ind2=" ">
    <subfield code="u">http://publications.rwth-aachen.de/record/723847/files/723847.jpg?subformat=icon-180</subfield>
    <subfield code="x">icon-180</subfield>
    <subfield code="y">OpenAccess</subfield>
  </datafield>
  <datafield tag="856" ind1="4" ind2=" ">
    <subfield code="u">http://publications.rwth-aachen.de/record/723847/files/723847.jpg?subformat=icon-640</subfield>
    <subfield code="x">icon-640</subfield>
    <subfield code="y">OpenAccess</subfield>
  </datafield>
  <datafield tag="856" ind1="4" ind2=" ">
    <subfield code="u">http://publications.rwth-aachen.de/record/723847/files/723847.jpg?subformat=icon-700</subfield>
    <subfield code="x">icon-700</subfield>
    <subfield code="y">OpenAccess</subfield>
  </datafield>
  <datafield tag="856" ind1="4" ind2=" ">
    <subfield code="u">http://publications.rwth-aachen.de/record/723847/files/723847.pdf?subformat=pdfa</subfield>
    <subfield code="x">pdfa</subfield>
    <subfield code="y">OpenAccess</subfield>
  </datafield>
  <datafield tag="909" ind1="C" ind2="O">
    <subfield code="o">oai:publications.rwth-aachen.de:723847</subfield>
    <subfield code="p">openaire</subfield>
    <subfield code="p">open_access</subfield>
    <subfield code="p">driver</subfield>
    <subfield code="p">dnbdelivery</subfield>
    <subfield code="p">VDB</subfield>
  </datafield>
  <datafield tag="910" ind1="1" ind2=" ">
    <subfield code="0">I:(DE-588b)36225-6</subfield>
    <subfield code="6">P:(DE-82)IDM00497</subfield>
    <subfield code="a">RWTH Aachen</subfield>
    <subfield code="b">0</subfield>
    <subfield code="k">RWTH</subfield>
  </datafield>
  <datafield tag="914" ind1="1" ind2=" ">
    <subfield code="y">2018</subfield>
  </datafield>
  <datafield tag="915" ind1=" " ind2=" ">
    <subfield code="0">StatID:(DE-HGF)0510</subfield>
    <subfield code="2">StatID</subfield>
    <subfield code="a">OpenAccess</subfield>
  </datafield>
  <datafield tag="920" ind1="1" ind2=" ">
    <subfield code="0">I:(DE-82)412810_20180620</subfield>
    <subfield code="k">412810</subfield>
    <subfield code="l">Lehrstuhl und Institut für fluidtechnische Antriebe und Systeme</subfield>
    <subfield code="x">0</subfield>
  </datafield>
  <datafield tag="980" ind1="1" ind2=" ">
    <subfield code="a">FullTexts</subfield>
  </datafield>
  <datafield tag="980" ind1=" " ind2=" ">
    <subfield code="a">I:(DE-82)412810_20180620</subfield>
  </datafield>
  <datafield tag="980" ind1=" " ind2=" ">
    <subfield code="a">UNRESTRICTED</subfield>
  </datafield>
  <datafield tag="980" ind1=" " ind2=" ">
    <subfield code="a">VDB</subfield>
  </datafield>
  <datafield tag="980" ind1=" " ind2=" ">
    <subfield code="a">book</subfield>
  </datafield>
  <datafield tag="980" ind1=" " ind2=" ">
    <subfield code="a">proc</subfield>
  </datafield>
</record>
</collection>